| 000 | 00000cas 2200000zi 4500 |
| 001 | 9.878860 |
| 003 | CaOODSP |
| 005 | 20260304071650 |
| 006 | m go d f |
| 007 | cr ||||||||||| |
| 008 | 190904c20189999oncqr p o f0###b0fre|d |
| 022 | |a2562-8364 |
| 040 | |aCaOODSP|bfre|erda|cCaOODSP |
| 043 | |an-cn--- |
| 086 | 1 |aCP101-1F-PDF |
| 110 | 2 |aComité des parlementaires sur la sécurité nationale et le renseignement (Canada) |
| 222 | 0|aRapport financier trimestriel pour le trimestre se terminant le … |b(Canada. Secrétariat du Comité des parlementaires sur la sécurité nationale et le renseignement) |
| 245 | 10|aRapport financier trimestriel pour le trimestre se terminant le … |
| 264 | 1|a[Ottawa] : |bSecrétariat du Comité des parlementaires sur la sécurité nationale et le renseignement = Secretariat of the National Security and Intelligence Committee of Parliamentarians, |c[2018]- |
| 310 | |aTrimestriel |
| 336 | |atexte|btxt|2rdacontent/fre |
| 337 | |ainformatique|bc|2rdamedia/fre |
| 338 | |aressource en ligne|bcr|2rdacarrier/fre |
| 362 | 1 |aParaît depuis : 30 juin 2018. |
| 500 | |aPublié aussi en anglais sous le titre : Quarterly financial report for the quarter ended ... |
| 588 | |aDescription d'après : 30 juin 2018. |
| 588 | |aDernière livraison consultée : 30 juin 2019. |
| 692 | 07|2gccst|aÉtats financiers |
| 775 | 08|tQuarterly financial report for the quarter ended … |w(CaOODSP)9.878859 |